[Event "Polanica Zdroj op-C 58th"]
[Site "Polanica Zdroj"]
[Date "2022.08.21"]
[Round "9"]
[White "Poniewierski, Piotr"]
[Black "Tchorzewski, Kazimierz"]
[Result "1-0"]
[WhiteElo "1747"]
[BlackElo "1670"]
[PlyCount "90"]
[EventDate "2022.08.13"]
[EventType "swiss"]
[EventRounds "9"]
[EventCountry "POL"]
[SourceTitle "CBM 210 Extra"]
[Source "ChessBase"]
[SourceDate "2022.11.30"]
[SourceVersion "1"]
[SourceVersionDate "2022.11.30"]
[SourceQuality "1"]

1. c4 d6 2. d4 Nf6 3. Nf3 e6 4. g3 b6 5. Bg2 Bb7 6. Nc3 Be7 7. 0-0 Nbd7 8. Qc2 h5 9. Bg5 Ng4 10. Bxe7 Qxe7 11. e4 h4 12. h3 Ngf6 13. g4 Nxg4 14. hxg4 h3 15. Bh1 h2+ 16. Nxh2 0-0-0 17. f3 f5 18. exf5 exf5 19. Nd5 Qh4 20. Qf2 Qg5 21. f4 Qh6 22. Ne7+ Kb8 23. Bxb7 Kxb7 24. Qg2+ d5 25. Nxf5 Qf6 26. Rad1 g6 27. Ne3 Kb8 28. Nxd5 Qd6 29. Rfe1 Rh7 30. Rd2 Rdh8 31. Qe4 c6 32. Ne3 g5 33. Nf5 Qc7 34. d5 gxf4 35. d6 Qb7 36. Qe8+ Qc8 37. Qxc8+ Kxc8 38. Rf1 f3 39. Nxf3 Nf6 40. Rh2 Nxg4 41. Rxh7 Rxh7 42. Re1 Rf7 43. Re8+ Kd7 44. Re7+ Rxe7 45. dxe7 Nf6 1-0

[Event "Warsaw Szansa Rapid op"]
[Site "Warsaw"]
[Date "2021.09.11"]
[Round "2"]
[White "Golubka, Petr"]
[Black "Poniewierski, Piotr"]
[Result "1-0"]
[WhiteElo "2438"]
[BlackElo "1768"]
[PlyCount "41"]
[EventDate "2021.09.11"]
[EventType "swiss (rapid)"]
[EventRounds "9"]
[EventCountry "POL"]
[SourceTitle "CBM 204 Extra"]
[Source "ChessBase"]
[SourceDate "2021.11.30"]
[SourceVersion "1"]
[SourceVersionDate "2021.11.30"]
[SourceQuality "1"]

1. d4 d5 2. Nc3 c6 3. a3 Nf6 4. h3 g6 5. Bf4 Bg7 6. e3 b6 7. g4 Ba6 8. Bxa6 Nxa6 9. Qe2 Nc7 10. Nf3 Ne6 11. Bg3 Nd7 12. 0-0-0 Nf6 13. Ne5 Rc8 14. f4 Ne4 15. Nxe4 dxe4 16. f5 Nf8 17. d5 cxd5 18. Qb5+ Nd7 19. Rxd5 Qc7 20. Qxd7+ Qxd7 21. Nxd7 1-0

[Event "Warsaw YMCA Spring-A 240th"]
[Site "Warsaw"]
[Date "2021.06.11"]
[Round "9"]
[White "Choroszej, Aleksander"]
[Black "Poniewierski, Piotr"]
[Result "1-0"]
[WhiteElo "2033"]
[BlackElo "1783"]
[PlyCount "43"]
[EventDate "2021.04.16"]
[EventType "swiss"]
[EventRounds "11"]
[EventCountry "POL"]
[SourceTitle "EXT 2022"]
[Source "ChessBase"]
[SourceDate "2021.10.06"]
[SourceVersion "1"]
[SourceVersionDate "2021.10.06"]
[SourceQuality "1"]

1. d4 d5 2. c4 c6 3. Nc3 Nf6 4. Nf3 e6 5. e3 Nbd7 6. Qc2 Bd6 7. Bd3 0-0 8. 0-0 e5 9. cxd5 cxd5 10. e4 dxe4 11. Nxe4 Nxe4 12. Bxe4 h6 13. Be3 Qa5 14. Rfd1 exd4 15. Bxd4 Be7 16. Bc3 Qh5 17. Rd5 Qg4 18. Bf5 Qc4 19. Rxd7 Bxd7 20. Bh7+ Kh8 21. Bxg7+ Kxg7 22. Qxc4 1-0

[Event "Warsaw YMCA Winter-A 236th"]
[Site "Warsaw"]
[Date "2021.02.22"]
[Round "11"]
[White "Poniewierski, Piotr"]
[Black "Rzeszowski, Dominik"]
[Result "1-0"]
[WhiteElo "1839"]
[BlackElo "1869"]
[PlyCount "41"]
[EventDate "2021.01.22"]
[EventType "tourn"]
[EventRounds "11"]
[EventCountry "POL"]
[SourceTitle "EXT 2022"]
[Source "ChessBase"]
[SourceDate "2021.10.06"]
[SourceVersion "1"]
[SourceVersionDate "2021.10.06"]
[SourceQuality "1"]

1. Nf3 d6 2. d4 g6 3. g3 Bg7 4. Bg2 Nf6 5. b3 0-0 6. Bb2 Nbd7 7. 0-0 c5 8. Nbd2 cxd4 9. Nxd4 Nc5 10. h3 Bd7 11. Re1 e5 12. N4f3 e4 13. Ng5 d5 14. Bd4 Qc8 15. c4 dxc4 16. Rc1 Ne6 17. Bxf6 Bxf6 18. Ngxe4 Qd8 19. Nxf6+ Qxf6 20. Ne4 Qe7 21. Qxd7 1-0

[Event "Warsaw YMCA Autumn-A 238th"]
[Site "Warsaw"]
[Date "2020.09.24"]
[Round "1"]
[White "Choroszej, Aleksander"]
[Black "Poniewierski, Piotr"]
[Result "1-0"]
[WhiteElo "2037"]
[BlackElo "1852"]
[PlyCount "117"]
[EventDate "2020.09.24"]
[EventType "swiss"]
[EventRounds "12"]
[EventCountry "POL"]
[SourceTitle "EXT 2022"]
[Source "ChessBase"]
[SourceDate "2021.10.06"]
[SourceVersion "1"]
[SourceVersionDate "2021.10.06"]
[SourceQuality "1"]

1. d4 d5 2. c4 c6 3. Nc3 Nf6 4. Nf3 e6 5. e3 Nbd7 6. Qc2 Bd6 7. Bd3 dxc4 8. Bxc4 b5 9. Bd3 Bb7 10. 0-0 0-0 11. e4 e5 12. h3 h6 13. Be3 a6 14. Rfd1 Qc7 15. Rac1 Rac8 16. a3 Rfe8 17. Kh1 exd4 18. Nxd4 c5 19. Nf5 Bf4 20. Qd2 Bxe3 21. Qxe3 Ne5 22. Qg3 Nh5 23. Nxh6+ Kh7 24. Qg5 Nxd3 25. Rxd3 Qf4 26. Qxf4 Nxf4 27. Rf3 b4 28. Rxf4 bxc3 29. Nxf7 Rf8 30. Rxc3 Kg8 31. Rcf3 Bxe4 32. Rxe4 Rxf7 33. Rxf7 Kxf7 34. g3 Rb8 35. b4 cxb4 36. axb4 Rb5 37. Kg2 a5 38. bxa5 Rxa5 39. h4 Rb5 40. Kf3 Kg6 41. Kg4 Kf6 42. f4 Ra5 43. Rb4 Kg6 44. Rb6+ Kf7 45. f5 Ra3 46. Kf4 Ra4+ 47. Kg5 Rc4 48. g4 Ra4 49. h5 Rc4 50. h6 gxh6+ 51. Rxh6 Kg7 52. Ra6 Rc7 53. Rg6+ Kh7 54. Re6 Rg7+ 55. Kh5 Ra7 56. g5 Ra1 57. Re7+ Kg8 58. Kg6 Kf8 59. f6 1-0

[Event "Warsaw YMCA Winter-B 225th"]
[Site "Warsaw"]
[Date "2020.01.23"]
[Round "3"]
[White "Poniewierski, Piotr"]
[Black "Prus, Marek"]
[Result "1-0"]
[WhiteElo "1837"]
[BlackElo "1672"]
[PlyCount "83"]
[EventDate "2020.01.09"]
[EventType "tourn"]
[EventRounds "13"]
[EventCountry "POL"]
[SourceTitle "CBM 195 Extra"]
[Source "ChessBase"]
[SourceDate "2020.05.31"]
[SourceVersion "1"]
[SourceVersionDate "2020.05.31"]
[SourceQuality "1"]

1. Nf3 Nf6 2. c4 e6 3. g3 d5 4. Bg2 d4 5. b4 Bxb4 6. Qa4+ Nc6 7. Ne5 Rb8 8. Nxc6 bxc6 9. Qxa7 Rb6 10. Qa4 Qd6 11. 0-0 0-0 12. d3 Bb7 13. Bg5 Ra8 14. Qc2 Nd7 15. Nd2 Bxd2 16. Bxd2 c5 17. Bxb7 Rxb7 18. Rfb1 Rxb1+ 19. Qxb1 Qb6 20. Qc2 Rb8 21. a4 e5 22. a5 Qa6 23. Qa4 c6 24. Qa3 f6 25. Kg2 Kf7 26. e3 Ke6 27. Qa2 Kd6 28. Qc2 Kc7 29. Ra2 Rb7 30. Qd1 e4 31. exd4 cxd4 32. Qg4 exd3 33. Qxd4 Rb3 34. Bf4+ Ne5 35. Bxe5+ fxe5 36. Qxe5+ Kb7 37. Qxg7+ Ka8 38. Qh8+ Rb8 39. Qc3 Rd8 40. Rd2 Qb7 41. Rxd3 c5+ 42. Rd5 1-0

[Event "Warsaw-ch 68th"]
[Site "Warsaw"]
[Date "2019.11.19"]
[Round "9"]
[White "Janeczko, Jakub"]
[Black "Poniewierski, Piotr"]
[Result "1/2-1/2"]
[WhiteElo "1839"]
[BlackElo "1858"]
[PlyCount "108"]
[EventDate "2019.11.12"]
[EventType "swiss"]
[EventRounds "9"]
[EventCountry "POL"]
[SourceTitle "CBM 193 Extra"]
[Source "ChessBase"]
[SourceDate "2020.01.31"]
[SourceVersion "1"]
[SourceVersionDate "2020.01.31"]
[SourceQuality "1"]

1. e4 c5 2. Nf3 e6 3. d4 cxd4 4. Nxd4 a6 5. Bd3 Nf6 6. 0-0 Qc7 7. Nd2 g6 8. c3 Bg7 9. f4 d6 10. N2f3 Nbd7 11. Qe2 0-0 12. h3 Nc5 13. Bc2 d5 14. e5 Nfe4 15. Qe1 Bd7 16. b4 Na4 17. Bxe4 dxe4 18. Qxe4 Nxc3 19. Qc2 Rfc8 20. Bb2 Nd5 21. Qd2 Qb6 22. a3 a5 23. bxa5 Qxa5 24. Qxa5 Rxa5 25. g3 Bf8 26. Nd2 Rca8 27. Rf3 b5 28. h4 Ra4 29. N2b3 Bxa3 30. Rxa3 Rxa3 31. Bxa3 Rxa3 32. Nc5 Rxf3 33. Nxf3 Be8 34. Kf2 Kf8 35. Ke2 Ke7 36. Kd3 h6 37. Nd4 b4 38. Kc4 Bd7 39. Nd3 Ne3+ 40. Kxb4 Nf1 41. g4 Ne3 42. g5 h5 43. Kc3 Ng2 44. Kd2 Nxh4 45. Ke3 Nf5+ 46. Nxf5+ exf5 47. Nc5 Bc6 48. Nd3 h4 49. Kf2 Be4 50. Nc5 Bd5 51. Kg1 h3 52. Kh2 Bg2 53. Kg3 Bf1 54. Kh2 Bg2 1/2-1/2

[Event "Warsaw-ch 68th"]
[Site "Warsaw"]
[Date "2019.11.17"]
[Round "7"]
[White "Praczukowski, Stanislaw"]
[Black "Poniewierski, Piotr"]
[Result "1/2-1/2"]
[WhiteElo "2069"]
[BlackElo "1858"]
[PlyCount "136"]
[EventDate "2019.11.12"]
[EventType "swiss"]
[EventRounds "9"]
[EventCountry "POL"]
[SourceTitle "CBM 193 Extra"]
[Source "ChessBase"]
[SourceDate "2020.01.31"]
[SourceVersion "1"]
[SourceVersionDate "2020.01.31"]
[SourceQuality "1"]

1. e4 c6 2. d4 g6 3. Nc3 d5 4. Nf3 Bg7 5. h3 Nf6 6. e5 Ne4 7. Nxe4 dxe4 8. Ng5 c5 9. c3 Qa5 10. Bc4 0-0 11. 0-0 cxd4 12. cxd4 Qb4 13. Qb3 Qxb3 14. Bxb3 Nc6 15. Be3 b6 16. Nxe4 Bb7 17. Nc3 Rfd8 18. Rfd1 Na5 19. Rac1 Rac8 20. f4 Nxb3 21. axb3 e6 22. Nb5 Bd5 23. Nd6 Rxc1 24. Rxc1 Bf8 25. Rc8 Rxc8 26. Nxc8 Bxb3 27. Nxa7 Bd5 28. Nc8 b5 29. Na7 b4 30. Nc8 Bb7 31. Nb6 Be7 32. Kf2 Kf8 33. Bd2 Ke8 34. Nc4 Kd7 35. g3 Bh1 36. Nd6 Bxd6 37. exd6 b3 38. Bb4 Bd5 39. g4 f6 40. Kg3 Be4 41. h4 h6 42. h5 gxh5 43. gxh5 Bc2 44. Kh4 Bd3 45. Bc5 Bf5 46. Kg3 Be4 47. Bb4 Bd3 48. Kf3 Bc2 49. Kg4 Bd1+ 50. Kh4 Bc2 51. Bc5 Bd3 52. Ba3 Bf5 53. Bb4 Bd3 54. d5 e5 55. fxe5 fxe5 56. Bd2 Kxd6 57. Bxh6 Kxd5 58. Bd2 Ke6 59. h6 Kf6 60. Kg3 Kg6 61. Kf2 Bc2 62. Be3 Bd3 63. Ke1 Bc2 64. Kd2 Kh7 65. Kc3 Kg6 66. Kc4 Kh7 67. Kd5 e4 68. Bd2 Kg6 1/2-1/2

[Event "Warsaw-ch 68th"]
[Site "Warsaw"]
[Date "2019.11.16"]
[Round "5"]
[White "Sliwerski, Radoslaw"]
[Black "Poniewierski, Piotr"]
[Result "1-0"]
[WhiteElo "2091"]
[BlackElo "1858"]
[PlyCount "89"]
[EventDate "2019.11.12"]
[EventType "swiss"]
[EventRounds "9"]
[EventCountry "POL"]
[SourceTitle "CBM 193 Extra"]
[Source "ChessBase"]
[SourceDate "2020.01.31"]
[SourceVersion "1"]
[SourceVersionDate "2020.01.31"]
[SourceQuality "1"]

1. d4 d5 2. c4 c6 3. cxd5 cxd5 4. Bf4 Nc6 5. Nc3 Nf6 6. e3 a6 7. Bd3 e6 8. Rc1 Bd6 9. Bxd6 Qxd6 10. Nf3 0-0 11. 0-0 e5 12. dxe5 Nxe5 13. Be2 Bg4 14. Nxe5 Bxe2 15. Nxf7 Bxd1 16. Nxd6 Bg4 17. h3 Bd7 18. Rfd1 b5 19. Nxd5 Nxd5 20. Rxd5 Be6 21. Rd4 Bxa2 22. b4 h6 23. Rc7 Rf6 24. f3 Bb3 25. Rc3 Bf7 26. Ra3 Be8 27. Ne4 Rc6 28. Rd6 Rxd6 29. Nxd6 Bc6 30. Rc3 Bd7 31. Rc7 Be6 32. Re7 Bb3 33. Re8+ Rxe8 34. Nxe8 Bd5 35. e4 Bb7 36. Kf2 Kf8 37. Nd6 Bc6 38. Ke3 Ke7 39. Nf5+ Kf6 40. Nd4 Bb7 41. Nb3 g5 42. Nc5 Bc8 43. Kd4 h5 44. g4 hxg4 45. hxg4 1-0

[Event "Warsaw YMCA Autumn-A 220th"]
[Site "Warsaw"]
[Date "2019.10.03"]
[Round "1"]
[White "Moskwinski, Marek"]
[Black "Poniewierski, Piotr"]
[Result "1-0"]
[WhiteElo "1940"]
[BlackElo "1875"]
[PlyCount "57"]
[EventDate "2019.09.20"]
[EventType "tourn"]
[EventRounds "13"]
[EventCountry "POL"]
[SourceTitle "CBM 195 Extra"]
[Source "ChessBase"]
[SourceDate "2020.05.31"]
[SourceVersion "1"]
[SourceVersionDate "2020.05.31"]
[SourceQuality "1"]

1. e4 c5 2. Nf3 e6 3. d4 cxd4 4. Nxd4 a6 5. Nc3 Qc7 6. Bd3 Nc6 7. Nxc6 bxc6 8. f4 Bc5 9. Qf3 Ne7 10. Bd2 Rb8 11. g4 0-0 12. 0-0-0 f5 13. Rde1 fxe4 14. Qxe4 Ng6 15. Rhf1 Rb4 16. Qe2 Nxf4 17. Bxf4 Rbxf4 18. Rxf4 Qxf4+ 19. Kb1 Qf3 20. Qe5 Qf2 21. Rd1 g6 22. Ne4 Qf3 23. Be2 Qe3 24. Nf6+ Rxf6 25. Qxf6 Qxe2 26. Rf1 Bb7 27. Qf7+ Kh8 28. g5 Bf2 29. Qf8# 1-0

[Event "POL-chT3 Pomorskie"]
[Site "Poland"]
[Date "2013.05.12"]
[Round "8.9"]
[White "Poniewierski, Piotr"]
[Black "Ulanowski, Karol"]
[Result "1-0"]
[WhiteElo "2022"]
[BlackElo "2084"]
[PlyCount "35"]
[EventDate "2013.01.13"]
[EventType "team-tourn"]
[EventRounds "9"]
[EventCountry "POL"]
[SourceTitle "EXT 2019"]
[Source "ChessBase"]
[SourceDate "2018.10.10"]
[SourceVersion "1"]
[SourceVersionDate "2018.10.10"]
[SourceQuality "1"]
[WhiteTeam "Gdansk Gedania"]
[BlackTeam "Tzcew Skoczek"]
[WhiteTeamCountry "POL"]
[BlackTeamCountry "POL"]

1. c4 Nf6 2. Nc3 g6 3. Nf3 Bg7 4. g3 0-0 5. Bg2 d6 6. 0-0 e5 7. d3 Re8 8. Rb1 a5 9. a3 c6 10. e4 d5 11. cxd5 cxd5 12. Bg5 d4 13. Nd5 Be6 14. Nd2 Nbd7 15. Qb3 Nc5 16. Qb5 Rc8 17. Bxf6 Bxf6 18. Qxe8+ 1-0

[Event "POL-chT3 Pomorskie"]
[Site "Poland"]
[Date "2013.04.07"]
[Round "6.13"]
[White "Poniewierski, Piotr"]
[Black "Czapiewski, Waldemar"]
[Result "1/2-1/2"]
[WhiteElo "2022"]
[BlackElo "1879"]
[PlyCount "59"]
[EventDate "2013.01.13"]
[EventType "team-tourn"]
[EventRounds "9"]
[EventCountry "POL"]
[SourceTitle "EXT 2019"]
[Source "ChessBase"]
[SourceDate "2018.10.10"]
[SourceVersion "1"]
[SourceVersionDate "2018.10.10"]
[SourceQuality "1"]
[WhiteTeam "Gdansk Gedania"]
[BlackTeam "Chojnice Osemka"]
[WhiteTeamCountry "POL"]
[BlackTeamCountry "POL"]

1. Nf3 d5 2. d4 e6 3. c4 c6 4. g3 f5 5. Bg2 Nf6 6. 0-0 Bd6 7. b3 0-0 8. Ba3 Bxa3 9. Nxa3 Qd6 10. Nc2 Nbd7 11. Nce1 b6 12. Nd3 Bb7 13. Qc1 Ne4 14. a3 c5 15. Qf4 dxc4 16. bxc4 cxd4 17. Qxd6 Nxd6 18. Nxd4 Bxg2 19. Kxg2 e5 20. Nc6 e4 21. Nde5 Nxe5 22. Nxe5 Rac8 23. Rfd1 Nxc4 24. Nxc4 Rxc4 25. Rd7 Rf7 26. Rd8+ Rf8 27. Rd7 Rf7 28. Rd8+ Rf8 29. Rd7 Rf7 30. Rd8+ 1/2-1/2

[Event "Gdansk-ch"]
[Site "Gdansk"]
[Date "2007.07.26"]
[Round "6"]
[White "Kobus, Sebastian"]
[Black "Poniewierski, Piotr"]
[Result "1/2-1/2"]
[WhiteElo "1706"]
[BlackElo "2046"]
[PlyCount "20"]
[EventDate "2007.07.22"]
[EventType "swiss"]
[EventRounds "9"]
[EventCountry "POL"]
[SourceTitle "CBM 119 Extra"]
[Source "ChessBase"]
[SourceDate "2007.09.04"]
[SourceVersion "1"]
[SourceVersionDate "2007.09.04"]
[SourceQuality "1"]

1. e4 c5 2. Nf3 Nc6 3. d4 cxd4 4. Nxd4 e6 5. Be2 Nf6 6. Bf3 d5 7. exd5 exd5 8. 0-0 Be7 9. Bg5 0-0 10. Re1 Qb6 1/2-1/2

[Event "Gdansk-ch"]
[Site "Gdansk"]
[Date "2007.07.23"]
[Round "3"]
[White "Poniewierski, Piotr"]
[Black "Kapica, Wlodzimierz"]
[Result "1-0"]
[WhiteElo "2046"]
[BlackElo "2037"]
[PlyCount "77"]
[EventDate "2007.07.22"]
[EventType "swiss"]
[EventRounds "9"]
[EventCountry "POL"]
[SourceTitle "CBM 119 Extra"]
[Source "ChessBase"]
[SourceDate "2007.09.04"]
[SourceVersion "1"]
[SourceVersionDate "2007.09.04"]
[SourceQuality "1"]

1. Nf3 Nf6 2. d4 g6 3. g3 Bg7 4. Bg2 d5 5. c4 0-0 6. 0-0 dxc4 7. Qa4 Nc6 8. Qxc4 Be6 9. Qa4 Nd5 10. e3 Nb6 11. Qd1 Bc4 12. Re1 Nb4 13. Bf1 Bxa2 14. Bd2 Bxb1 15. Qxb1 Nc6 16. Bc3 Qd6 17. Qc2 e5 18. dxe5 Nxe5 19. Nd4 a6 20. Bg2 c6 21. Rad1 Nd5 22. Nxc6 bxc6 23. e4 Nd7 24. exd5 c5 25. Qa4 Bxc3 26. bxc3 Nb6 27. Qc6 Rfd8 28. Rb1 Nc4 29. Rb7 Rac8 30. Qa4 Ne5 31. Ra7 Ra8 32. Rxa8 Rxa8 33. f4 Nd7 34. Qc6 Qxc6 35. dxc6 Nb6 36. Rb1 Nc4 37. c7 Rc8 38. Rb8 Nd6 39. Bb7 1-0